| 000 | 00696nam a22002057a 4500 | ||
|---|---|---|---|
| 003 | Ost | ||
| 005 | 20201224171024.0 | ||
| 008 | 201224b ||||| |||| 00| 0 eng d | ||
| 020 | _a9780070495395 | ||
| 040 | _cBT-PhCST | ||
| 050 | _a23837-23841 | ||
| 082 |
_222 _a628.3 _bMET |
||
| 100 | _aMetcalf & Eddy, Inc. | ||
| 245 |
_aWastewater engineering : _btreatment and reuse / _crevised by George Tchobanoglous, Franklin L. Burton, H. David Stensel. |
||
| 250 | _a4th ed. | ||
| 260 |
_aChennai : _bMcGraw-Hill Education (India) Pvt. Ltd., _c33rd reprint 2019. |
||
| 300 |
_axxviii, 1819 p. : _b ill. ; _c25 cm. |
||
| 500 | _aIncludes bibliographical references and indexes. | ||
| 942 |
_2ddc _cCIVIL |
||
| 999 |
_c7969 _d7969 |
||